000 00293nam a2200121Ia 4500
008 190216s9999||||xx |||||||||||||| ||und||
100 _aWaghmare Y R
245 0 _aIntroductory Quantum Mechanics
260 _bS Chand & Co
_c1962
300 _a426p
650 _aChemistry-Chemistry
942 _cBK
999 _c2735
_d2735